000 00439cam a22001217a 4500
008 180718b1985 xxu||||| |||| 00| 0 eng d
082 _aA81x54 In2/81/28/Pt 3 A & B & Pt 4 A
100 _aCensus of India 1981
245 _aDelhi: general economic tables and social and cultural tables
260 _aDelhi
_bController of Publications
_c1985
300 _a310+p.
440 _aCensus of India 1981. series-28, Delhi. Part III-A & B & Part IV-A
999 _c482511
_d482511